| 000 | 00000nam 2200000za 4500 |
| 001 | 9.677167 |
| 003 | CaOODSP |
| 005 | 20230925090717 |
| 007 | cr ||||||||||| |
| 008 | 150407s2014 onc|||||o f|0| 0 fre d |
| 020 | |a978-0-660-22252-3 |
| 040 | |aCaOODSP|bfre |
| 043 | |an-cn--- |
| 086 | 1 |aSB4-34/2014F-PDF |
| 110 | 2 |aBibliothèque et archives Canada. |
| 245 | 10|aClasse FC |h[ressource électronique] : |bune classification pour l'histoire du Canada. |
| 250 | |a3e éd. |
| 260 | |aOttawa : |bBibliothèque et Archives Canada, |c2014. |
| 300 | |axi, 110 p. : |btableaux. |
| 500 | |aPublié aussi en anglais sous le titre : Class FC: a classification for Canadian history. |
| 691 | 07|aCatalogage|2gcpds |
| 775 | 08|tClass FC |w(CaOODSP)9.629576 |
| 794 | |tClasse FC : |b4e édition|w(CaOODSP)9.927702 |
| 856 | 40|qPDF|s579 Ko|uhttps://publications.gc.ca/collections/collection_2015/bac-lac/SB4-34-2014-fra.pdf |